| 000 | 00510nam a22001937a 4500 | ||
|---|---|---|---|
| 999 |
_c11720 _d11720 |
||
| 008 | 201231b ||||| |||| 00| 0 eng d | ||
| 020 | _a9788120335622 | ||
| 082 |
_a657 _bNAR |
||
| 100 | _aNarayanaswamy, R | ||
| 245 | _a Financial accounting : a managerial perspective | ||
| 250 | _a3rd Ed. | ||
| 260 |
_aNew Delhi _bPHI Learning Pvt. Ltd. _c2010 |
||
| 300 |
_axxiv, 699p. _bPBC |
||
| 650 | _aAccounting | ||
| 650 | _aManagerial accounting | ||
| 650 | _aCapital | ||
| 650 | _aInvestments | ||
| 942 | _cBK | ||